000 00559nam a2200205Ia 4500
005 20250326143301.0
008 250326s9999 xx 000 0 und d
020 _a0-333-77793-X
037 _aTextbook
040 _aFMSL
_beng
_cFMSL
041 _aeng
_2eng
084 _aX8(A):8 P3
_qFMSL
100 _aBaron S
_9747762
245 0 _aServices marketing:Text and Cases
_cBaron S; Harris K
250 _a2
260 _aNew Jersey
_bNew Jersey, Palgrave
_c2003
300 _axv,291
942 _cTB
_hX8(A):8 P3
999 _c1298910
_d1298910